Todos los sencillos N°1 de "The Beatles" - Estadísticas

Estadísticas generales
  • Esta prueba ha sido intentada 67 veces
  • La puntuación promedio es 14 de 28
Estadísticas de respuestas
Año Álbum Sencillo % Correcto
1965 Help! Help!
94%
1970 Let It Be Let It Be
88%
1965 Help! Yesterday
83%
1964 A Hard Day's Night A Hard Day's Night
81%
1964 Please Please Me Love Me Do
73%
1968 Sencillo Hey Jude
63%
1966 Revolver Yellow Submarine
63%
1966 Revolver Eleanor Rigby
62%
1969 Abbey Road Something
62%
1967 Magical Mystery Tour Penny Lane
60%
1969 Abbey Road Come Together
56%
1963 Sencillo I Want to Hold Your Hand
52%
1969 Let It Be Get Back
50%
2023 Sencillo Now and Then
50%
1963 Sencillo She Loves You
46%
1965 Beatles For Sale Eight Days a Week
44%
1967 Magical Mystery Tour Hello, Goodbye
44%
1965 Help! Ticket to Ride
42%
1967 Magical Mystery Tour All You Need Is Love
40%
1968 Sencillo Lady Madonna
38%
1964 A Hard Day's Night Can't Buy Me Love
35%
1970 Let It Be The Long And Winding Road
35%
1965 Sencillo We Can Work It Out
31%
1963 Sencillo From Me to You
27%
1966 Sencillo Paperback Writer
27%
1965 Sencillo Day Tripper
25%
1969 Sencillo The Ballad Of John And Yoko
25%
1964 Sencillo I Feel Fine
21%
No se encontraron pruebas coincidentes
Distribución de puntuación
Porcentaje de gente con cada puntuación
Porcentaje por número respondido
Historial de tus puntuaciones
No has intentado esta prueba.